| 000 | 00945nam a2200277 a 4500 | ||
|---|---|---|---|
| 001 | 000035546 | ||
| 003 | DO-SdBNP | ||
| 005 | 20260127094932.0 | ||
| 008 | 111103s2011 dr 000 0 spa d | ||
| 020 | _a9789945473391 | ||
| 040 |
_aDO-SdBNP _bspa _cBNPHU |
||
| 082 |
_a303.372 _bP762v |
||
| 100 | 1 |
_aPolanco Beltré, Ysrael David _961439 |
|
| 245 | 1 | 0 |
_aVivir con valores / _cYsrael Polanco ; prólogo P. Ramón Alonso B. |
| 260 |
_aSanto Domingo : _bSantuario, _c2011. |
||
| 300 |
_a108 p. ; _c22 cm. |
||
| 500 | _aIncluye datos biográficos del autor en al solapa. | ||
| 504 | _aBibliografía : p. 101-102. | ||
| 590 | _aInventariado, 2018/BT | ||
| 650 | 4 |
_aValores (filosofía) _xEnseñanza _912690 |
|
| 650 | 7 |
_aVirtudes _vEnsayos, conferencias, etc. _961440 |
|
| 650 | 7 |
_aConducta de vida _911947 _2LIBRUNAM |
|
| 700 | 1 |
_aAlonso B., P. Ramón, _epról. _961441 |
|
| 910 | _aValidado. Control de calidad. EMS | ||
| 942 |
_2ddc _cLBS1 |
||
| 999 |
_c35037 _d35037 |
||